[Event "Charlotte IM-C MLK 2022"]
[Site "Charlotte"]
[Date "2022.01.18"]
[Round "9.4"]
[White "Wu, Derek"]
[Black "Sethuraman, Sandeep"]
[Result "1/2-1/2"]
[WhiteElo "2158"]
[BlackElo "2361"]
[Annotator "TA"]
[PlyCount "55"]
[EventDate "2022.01.13"]
[EventType "tourn"]
[EventCountry "USA"]
[SourceTitle "playchess.com"]
[Source "ChessBase"]
[SourceQuality "1"]

{[%evp 11,55,8,8,0,-7,-6,0,0,87,69,61,49,62,36,54,54,67,55,66,71,54,20,27,35,277,172,341,341,420,379,396,342,219,116,147,136,130,120,122,96,97,0,0,0,0,-43]} 1. e4 c6 2. d4 d5 3. e5 Bf5 4. h4 h5 5. Bd3 Bxd3 6. Qxd3 e6 {6...Qa5+ injects fresh life into this line.} 7. Bg5 {B12: Caro-Kann: Advance Variation.} Qb6 8. Nd2 {Active counter play!} c5 9. c4 Qa6 (9... Qxb2 $11 10. Rb1 Qxa2) 10. Ngf3 $16 Nc6 11. dxc5 Bxc5 12. O-O Nge7 13. a3 $1 dxc4 14. Nxc4 {[#]} Rd8 $146 ({Predecessor:} 14... O-O 15. b4 Bb6 16. Bxe7 Nxe7 17. a4 Rfd8 18. Qb3 {1-0 (18) Van Foreest,J (2612)-Brejnik,G (2179) Pardubice 2019}) 15. Qc2 O-O 16. b4 b5 17. Na5 $36 {[%mdl 2048] Black is under pressure.} Bd4 $2 (17... Nxa5 $14 18. bxc5 (18. Qxc5 Rd5 $11) 18... Nac6) 18. Rad1 {[#] Bxe7 is the strong threat.} Rc8 $2 (18... f6) 19. Qe4 $18 (19. Nxd4 Nxa5 20. Qe2 Nac6 $16) 19... Bb6 20. Rd6 (20. Bxe7 Nxe7 21. Rd7 Nf5 $15) 20... Rfe8 21. Nxc6 ({Weaker is} 21. Bxe7 Nxe7 22. Ng5 Nf5 $14) 21... Nxc6 {[#]} 22. Be3 ({White should try} 22. Bf6 $1 $18 {[%cal Of3g5][%mdl 512] And now Ng5! would win.} Ne7 23. Bxe7 (23. Ng5 Nf5 $11) 23... Rxe7 24. Ng5) 22... Ne7 $16 23. Ng5 ({Resist} 23. Bxb6 axb6 24. Ng5 Nf5 $16) 23... Nf5 24. Bxb6 axb6 25. Rd7 Rf8 26. Rfd1 (26. Qf3 $16) 26... Qxa3 $11 27. Qb7 {[%cal Ob7c8] Qxc8! would kill now.} Rc1 28. Qe4 {Weighted Error Value: White=0.20 (precise) /Black=0.32} (28. g3 $11 Rxd1+ 29. Rxd1) 1/2-1/2

[Event "Charlotte IM-C MLK 2022"]
[Site "Charlotte"]
[Date "2022.01.18"]
[Round "9.5"]
[White "Adewumi, Tanitoluwa"]
[Black "Vanapalli, Vishnu"]
[Result "1-0"]
[WhiteElo "2136"]
[BlackElo "2101"]
[Annotator "TA"]
[PlyCount "71"]
[EventDate "2022.01.13"]
[EventType "tourn"]
[EventCountry "USA"]
[SourceTitle "playchess.com"]
[Source "ChessBase"]
[SourceQuality "1"]

{[%evp 13,71,10,20,18,13,5,22,22,10,5,22,26,41,0,57,50,78,0,11,16,7,14,36,41,112,50,36,43,41,0,0,-106,-110,-102,-114,-121,-93,-164,0,-7,70,80,125,31,261,243,252,251,239,231,227,231,402,393,397,195,29992,29993,29993,898]} 1. d4 e6 2. Nf3 d5 3. c4 Nf6 4. Nc3 Be7 5. Bf4 O-O 6. e3 b6 7. Qc2 c5 8. dxc5 {D37: Queen's Gambit Declined: 5 Bf4.} bxc5 9. Rd1 Bb7 10. Be2 {The position is equal.} Nbd7 11. O-O Rc8 12. cxd5 exd5 {[#]} 13. Qf5 $146 (13. Ne5 $14 {is more appropriate.}) ({Predecessor:} 13. Ne5 Nb6 14. Bf3 Bd6 15. Qf5 Re8 16. Nd3 g6 17. Qg5 Ba6 18. Bxd6 Qxd6 19. Ne2 Nc4 20. Ng3 {½-½ (20) Shimanov,A (2642)-Bocharov,D (2574) Minsk 2017}) 13... g6 (13... Qb6 $11) 14. Qh3 $14 Re8 15. Rd2 (15. Bb5 $16) 15... Qb6 $11 16. Rfd1 Nf8 17. Bf1 Rcd8 {White must now prevent ...Bc8.} 18. Bb5 N8d7 (18... Ne4 $14 19. Bxe8 Nxd2 20. Bxf7+ (20. Nxd2 Rxe8 21. e4 dxe4 $17) 20... Kxf7 21. Rxd2 (21. Ne5+ Kg8 $11) 21... d4 22. exd4 cxd4) 19. Ne5 {White is much more active.} (19. Ng5 $16) 19... Nxe5 $14 20. Bxe5 (20. Bxe8 Nc4 21. Bxf7+ (21. Na4 $2 Qb4 $19) 21... Kxf7 $17) 20... Rf8 $1 21. Qh6 (21. Be2 $14) 21... Qe6 22. f4 (22. Bc7 $11) 22... d4 $1 $17 23. exd4 cxd4 24. Ne2 {[%cal Bc3e2,Be2d4,Bd4e6,Be6f8][%mdl 32]} (24. Rxd4 $2 Bc5 25. Ne2 Nh5 $19) (24. Bxd4 $2 Rxd4 $1 25. f5 (25. Rxd4 $2 Qe3+ 26. Kh1 Ng4 $19) 25... Rxd2 26. fxe6 Rxg2+ 27. Kf1 Ng4 $19) 24... d3 25. Bxd3 (25. Nd4 $2 Qb6 26. Rxd3 Rxd4 $1 27. Bxd4 Qxb5 $17) (25. Ng3 $17 {was called for.}) 25... Qc6 $2 (25... Qb6+ $1 $19 26. Kf1 Qe3 27. Bxf6 Bxf6) 26. Nd4 $11 Bc5 ({Black should try} 26... Qb6 $11 27. Bc4 Rfe8) 27. Bf1 $14 {[%cal Ob2b4]} Rfe8 ({Better is} 27... Nh5) 28. Kh1 ({White has to play} 28. b4 $1 $16 {[%cal Rb4c5]} Rxd4 29. Bxd4 (29. Rxd4 Bb6 $16) 29... Bxb4 30. Bb5 $1 Qxb5 31. Bxf6) 28... Qb6 {[#] A mistake that costs the game.} (28... Bxd4 $14 29. Rxd4 Rxd4 30. Bxd4 (30. Rxd4 $2 Qc1 $19) 30... Ba6) 29. Ne6 $1 $18 {[%csl Ge6][%cal Rh6g7][%mdl 512]} Bf8 {Prevents Qg7+.} 30. Nxf8 Rxd2 31. Rxd2 $40 {[%mdl 128] Intending Nd7 and mate. Black is in trouble. Dancing on a razor blade.} Rxf8 32. h3 Rc8 $2 (32... Nh5 33. f5 Rc8 34. fxg6 Qxg6 35. Qxg6+ hxg6) 33. Kh2 {Rd6 is the strong threat.} ({Less strong is} 33. Bd4 Qe6 34. f5 (34. Re2 Qd6 $16) 34... Qe7 $18) 33... Ne8 {To avoid Rd6} 34. Rd4 (34. Rd7 $142 {[%cal Of1c4] Threatening mate with Bc4!} Ba6 35. Bxa6 Qxa6 36. f5) 34... f6 $2 {[#]} (34... Rd8 $18 35. Rxd8 Qxd8) 35. Rd7 $1 Qe6 36. Qxh7+ {Weighted Error Value: White=0.29 (precise) /Black=0.60} (36. Rxh7 $142 Qxh3+ 37. Kxh3 Be4 {[#]} 38. Re7 $1 Bf5+ 39. Kh2 g5 40. Bxf6 Bh7 41. Qxh7+ Kf8 42. Qh8#) 1-0